00433nam a22001337a 450000500170000000800410001702000180005808200210007610000400009724500950013725000120023226000400024430000150028420240419172512.0240419b |||||||| |||| 00| 0 eng d a9789391032852 a343.04 SUN;1 R aSundaram, Karthik. Datar, Arvind P. aTax, constitution and the Supreme Court : Analysing the evolution of taxation law in India a2nd ed. aHaryanabOakBridge Publishingc2022 axxxix, 318